[Event "Belgrade Trophy 36th"]
[Site "Belgrade"]
[Date "2023.11.28"]
[Round "4"]
[White "Carnic, Dejan"]
[Black "Trailovic, Aleksandar1"]
[Result "1/2-1/2"]
[WhiteElo "1958"]
[BlackElo "2132"]
[PlyCount "42"]
[EventDate "2023.11.25"]
[EventType "swiss"]
[EventRounds "9"]
[EventCountry "SRB"]
[SourceTitle "CB49_2023"]
[SourceDate "2023.12.06"]
[SourceVersion "1"]
[SourceVersionDate "2023.12.06"]
[SourceQuality "1"]

1. e4 c6 2. d4 d5 3. Nc3 dxe4 4. Nxe4 Nf6 5. Nxf6+ exf6 6. c3 Bd6 7. Bd3 Na6 8. Ne2 Nc7 9. Bf4 Nd5 10. Bxd6 Qxd6 11. Qc2 g6 12. 0-0 h5 13. Rae1 Kf8 14. a3 Kg7 15. c4 Nc7 16. Qc3 Ne6 17. c5 Qd8 18. f4 Nc7 19. Bc4 h4 20. Qb3 Qd7 21. h3 Re8 1/2-1/2

[Event "Belgrade Premier League"]
[Site "Belgrade"]
[Date "2021.10.10"]
[Round "9.1"]
[White "Jakovljevic, Zoran D"]
[Black "Carnic, Dejan"]
[Result "1-0"]
[WhiteElo "2061"]
[BlackElo "2047"]
[PlyCount "87"]
[EventDate "2021.10.01"]
[EventType "team-tourn"]
[EventRounds "11"]
[EventCountry "SRB"]
[SourceTitle "CBM 204 Extra"]
[Source "ChessBase"]
[SourceDate "2021.11.30"]
[SourceVersion "1"]
[SourceVersionDate "2021.11.30"]
[SourceQuality "1"]
[WhiteTeam "Mirijevo"]
[BlackTeam "Romanticari"]
[WhiteTeamCountry "SRB"]
[BlackTeamCountry "SRB"]

1. g3 d5 2. Bg2 Nf6 3. d3 c6 4. Nf3 Bf5 5. 0-0 Nbd7 6. Nd4 Bg6 7. a4 e5 8. Nb3 Nc5 9. c3 Nxb3 10. Qxb3 Qb6 11. Qc2 a5 12. e4 dxe4 13. dxe4 Bc5 14. Na3 0-0 15. Nc4 Qc7 16. Be3 Bxe3 17. Nxe3 Rfd8 18. Nf5 Rd7 19. h3 Rad8 20. Rad1 Bxf5 21. exf5 Qb6 22. Rxd7 Rxd7 23. Rd1 Qd8 24. Re1 Rd2 25. Qb3 Qe7 26. Qb6 e4 27. Qxa5 h6 28. Qb6 Nd5 29. Qa7 e3 30. Bxd5 cxd5 31. Rxe3 Qd7 32. g4 Rd1+ 33. Kg2 d4 34. Re4 Qd5 35. f3 Rd2+ 36. Kg1 Rd1+ 37. Kf2 Rd2+ 38. Ke1 Rd1+ 39. Kxd1 dxc3+ 40. Kc2 Qd2+ 41. Kb3 Qxb2+ 42. Kc4 Qa2+ 43. Kxc3 Qa3+ 44. Kd2 1-0

[Event "Belgrade-chT Quality"]
[Site "Belgrade"]
[Date "2019.10.26"]
[Round "7.3"]
[White "Simonovic, Miroslav"]
[Black "Carnic, Dejan"]
[Result "0-1"]
[WhiteElo "2174"]
[BlackElo "2088"]
[PlyCount "86"]
[EventDate "2019.10.05"]
[EventType "team-tourn"]
[EventRounds "11"]
[EventCountry "SRB"]
[SourceTitle "EXT 2022"]
[Source "ChessBase"]
[SourceDate "2021.10.06"]
[SourceVersion "1"]
[SourceVersionDate "2021.10.06"]
[SourceQuality "1"]
[WhiteTeam "Belgrade Politika"]
[BlackTeam "Romanticari"]
[WhiteTeamCountry "SRB"]
[BlackTeamCountry "SRB"]

1. d4 d5 2. Bg5 h6 3. Bh4 c6 4. c3 Qb6 5. Qc2 Bg4 6. f3 Bh5 7. e4 Nd7 8. Bd3 dxe4 9. Bxe4 Ngf6 10. Bd3 Nd5 11. g4 Nf4 12. Bf2 Nxd3+ 13. Qxd3 Qxb2 14. gxh5 Nb6 15. Nh3 Qxa1 16. 0-0 Qxa2 17. Nd2 Qd5 18. Nf4 Qg5+ 19. Bg3 e6 20. Ne4 Qf5 21. Ra1 Be7 22. c4 0-0 23. Qb3 Rfd8 24. Ne2 Rd7 25. Qc3 Qxh5 26. Nf4 Qf5 27. Ra5 Qh7 28. Nd3 Rad8 29. Bf2 f5 30. Nec5 Qg6+ 31. Kf1 Bxc5 32. Nxc5 Rf7 33. Rxa7 Nd7 34. Nd3 Qh5 35. Kg2 f4 36. c5 Rf6 37. Rxb7 Rg6+ 38. Kf1 Qxf3 39. Qb3 Kh7 40. Ne1 Qh1+ 41. Ke2 Qe4+ 42. Kf1 Nxc5 43. dxc5 Rd2 0-1

[Event "Belgrade-chTB Quality"]
[Site "Belgrade"]
[Date "2018.10.28"]
[Round "10.4"]
[White "Carnic, Dejan"]
[Black "Trailovic, Aleksandar1111"]
[Result "1/2-1/2"]
[WhiteElo "2093"]
[BlackElo "2146"]
[PlyCount "116"]
[EventDate "2018.09.29"]
[EventType "team-tourn"]
[EventRounds "11"]
[EventCountry "SRB"]
[SourceTitle "CBM 187 Extra"]
[Source "ChessBase"]
[SourceDate "2018.11.04"]
[SourceVersion "1"]
[SourceVersionDate "2018.11.04"]
[SourceQuality "1"]
[WhiteTeam "Belgrade Romanticari"]
[BlackTeam "Belgrade Visan"]
[WhiteTeamCountry "SRB"]
[BlackTeamCountry "SRB"]

1. e4 c5 2. Nf3 g6 3. d4 cxd4 4. Qxd4 Nf6 5. e5 Nc6 6. Qa4 Nd5 7. Qe4 Nc7 8. Nc3 Bg7 9. Bc4 0-0 10. Bf4 b5 11. Bb3 Bb7 12. Qe2 Ne6 13. Bxe6 fxe6 14. Qe3 b4 15. Ne2 Ba6 16. Ned4 Nxd4 17. Nxd4 Qa5 18. Nb3 Qa4 19. Nc5 Qxc2 20. Nxa6 Qc4 21. Nc5 Qxf4 22. Nxd7 Qxe3+ 23. fxe3 Rfc8 24. 0-0 Rc2 25. Rf2 Rac8 26. Rd1 Rxf2 27. Kxf2 Rc2+ 28. Kf3 Rxb2 29. Ke4 Rxa2 30. Nc5 h6 31. Nxe6 b3 32. Rd8+ Kf7 33. Nd4 b2 34. Rb8 a5 35. Nc6 g5 36. Rb7 Bf8 37. Kf5 b1Q+ 38. Rxb1 e6+ 39. Ke4 Rxg2 40. Nd8+ Ke7 41. Nc6+ Kd7 42. Nxa5 Rxh2 43. Rb7+ Ke8 44. Nc6 Rh4+ 45. Kd3 Bc5 46. Rb5 Ba3 47. Nd4 g4 48. Nxe6 g3 49. Nf4 Rg4 50. Rb1 Bc5 51. Ke4 h5 52. Kf3 Rg5 53. Rh1 Rxe5 54. Rxh5 Rxe3+ 55. Kg2 Bd6 56. Rh4 Ra3 57. Rg4 Kf7 58. Rxg3 Rxg3+ 1/2-1/2

[Event "Belgrade-chT"]
[Site "Belgrade"]
[Date "2014.09.25"]
[Round "6.2"]
[White "Carnic, Dejan"]
[Black "Vujadinovic, Milan"]
[Result "0-1"]
[WhiteElo "2064"]
[BlackElo "2169"]
[PlyCount "100"]
[EventDate "2014.09.20"]
[EventType "team-tourn"]
[EventRounds "11"]
[EventCountry "SRB"]
[SourceTitle "CBM 162 Extra"]
[Source "ChessBase"]
[SourceDate "2014.10.17"]
[SourceVersion "1"]
[SourceVersionDate "2014.10.17"]
[SourceQuality "1"]
[WhiteTeam "Belgrade Sigurnost"]
[BlackTeam "Belgrade PTT"]
[WhiteTeamCountry "SRB"]
[BlackTeamCountry "SRB"]

1. e4 g6 2. d4 Bg7 3. Nc3 d6 4. Be3 a6 5. a4 b6 6. Nf3 Nd7 7. Bc4 e6 8. Bg5 Ne7 9. Qd2 h6 10. Be3 Bb7 11. 0-0 Nf6 12. d5 e5 13. h3 g5 14. h4 g4 15. Nh2 Ng6 16. g3 Qd7 17. Qe2 0-0 18. f3 Bc8 19. fxg4 Nxg4 20. Nxg4 Qxg4 21. Qxg4 Bxg4 22. Be2 Bh3 23. Rf2 f5 24. Kh2 Bg4 25. Bxg4 fxg4 26. Rxf8+ Rxf8 27. a5 b5 28. Nxb5 axb5 29. a6 Ra8 30. a7 Ne7 31. Ra5 Nc8 32. Rxb5 Nb6 33. Ra5 Kf7 34. b3 Ke7 35. Ra6 h5 36. c4 Kd7 37. Kg2 Bf6 38. Bxb6 cxb6 39. Rxb6 Rxa7 40. c5 Be7 41. c6+ Kc8 42. Rb5 Bd8 43. Kf2 Ra8 44. Rb7 Bc7 45. Rb4 Rb8 46. Ra4 Rxb3 47. Ra8+ Bb8 48. Ra2 Kc7 49. Kg2 Kb6 50. Kf2 Kc5 0-1

[Event "Belgrade tt Cup"]
[Site "Belgrade"]
[Date "2012.04.21"]
[Round "4.1"]
[White "Zmijanac, Dusko"]
[Black "Carnic, Dejan"]
[Result "1-0"]
[WhiteElo "2209"]
[BlackElo "2094"]
[PlyCount "55"]
[EventDate "2012.04.18"]
[EventType "team-swiss"]
[EventRounds "5"]
[EventCountry "SRB"]
[SourceTitle "CBM 148 Extra"]
[Source "ChessBase"]
[SourceDate "2012.06.22"]
[SourceVersion "1"]
[SourceVersionDate "2012.06.22"]
[SourceQuality "1"]
[WhiteTeam "Post Stedionica"]
[BlackTeam "Belgrade Sigurnost"]
[WhiteTeamCountry "SRB"]
[BlackTeamCountry "SRB"]

1. d4 d5 2. c4 e5 3. dxe5 d4 4. Nf3 Nc6 5. Nbd2 Nge7 6. a3 Ng6 7. Qc2 Be7 8. g3 Be6 9. Bg2 Qd7 10. h4 0-0-0 11. Qa4 Kb8 12. b4 d3 13. e3 Ncxe5 14. b5 Nxf3+ 15. Nxf3 Bf6 16. Ra2 Ne5 17. Nxe5 Bxe5 18. Qb4 Qd6 19. c5 Qe7 20. Rd2 Qf6 21. Bb2 Bd5 22. 0-0 Bxg2 23. Kxg2 Bxb2 24. Rxb2 Qe6 25. Rd1 Rhe8 26. Rbd2 Qd5+ 27. Kg1 Qf5 28. b6 1-0

[Event "SRB-chT"]
[Site "Belgrade"]
[Date "2010.10.10"]
[Round "10"]
[White "Carnic, Dejan"]
[Black "Nikolic, Dragoslav"]
[Result "1/2-1/2"]
[WhiteElo "2139"]
[BlackElo "2290"]
[PlyCount "24"]
[EventDate "2010.10.01"]
[EventType "team-tourn"]
[EventRounds "11"]
[EventCountry "YUG"]
[SourceTitle "CBM 138 Extra"]
[Source "ChessBase"]
[SourceDate "2010.10.29"]
[SourceVersion "1"]
[SourceVersionDate "2010.10.29"]
[SourceQuality "1"]

1. e4 e6 2. d4 d5 3. Nc3 dxe4 4. Nxe4 Nd7 5. Nf3 Ngf6 6. Nxf6+ Nxf6 7. Bd3 Be7 8. 0-0 0-0 9. Ne5 c5 10. dxc5 Qc7 11. Qe2 Bxc5 12. Bf4 Qe7 1/2-1/2

[Event "SRB-chT"]
[Site "Belgrade"]
[Date "2010.10.08"]
[Round "8"]
[White "Carnic, Dejan"]
[Black "Dimitrijevic, Radmilo"]
[Result "0-1"]
[WhiteElo "2139"]
[BlackElo "2207"]
[PlyCount "56"]
[EventDate "2010.10.01"]
[EventType "team-tourn"]
[EventRounds "11"]
[EventCountry "YUG"]
[SourceTitle "CBM 138 Extra"]
[Source "ChessBase"]
[SourceDate "2010.10.29"]
[SourceVersion "1"]
[SourceVersionDate "2010.10.29"]
[SourceQuality "1"]

1. e4 c5 2. Nf3 Nf6 3. Nc3 Nc6 4. d4 d5 5. exd5 Nxd5 6. Nxd5 Qxd5 7. Be3 cxd4 8. Nxd4 h6 9. Be2 e5 10. Nxc6 Qxc6 11. 0-0 Be6 12. c4 Be7 13. Qc2 0-0 14. Bf3 Qc7 15. Qb3 Rab8 16. Bxa7 Rbc8 17. Qe3 Bxc4 18. Rfc1 Qd7 19. Rd1 Qb5 20. b3 Be6 21. Qb6 Qxb6 22. Bxb6 f5 23. Bd5 Kf7 24. h3 Bxd5 25. Rxd5 Ke6 26. Rad1 Rc6 27. Ba7 Ra8 28. Be3 f4 0-1

[Event "SRB-chT"]
[Site "Belgrade"]
[Date "2010.10.05"]
[Round "5"]
[White "Rakic, Branislav"]
[Black "Carnic, Dejan"]
[Result "0-1"]
[WhiteElo "2198"]
[BlackElo "2139"]
[PlyCount "61"]
[EventDate "2010.10.01"]
[EventType "team-tourn"]
[EventRounds "11"]
[EventCountry "YUG"]
[SourceTitle "CBM 138 Extra"]
[Source "ChessBase"]
[SourceDate "2010.10.29"]
[SourceVersion "1"]
[SourceVersionDate "2010.10.29"]
[SourceQuality "1"]

1. c4 e5 2. Nc3 Bb4 3. g3 Bxc3 4. bxc3 d6 5. Bg2 Nc6 6. e3 Nf6 7. d3 0-0 8. Ne2 e4 9. dxe4 Be6 10. 0-0 Bxc4 11. Re1 Re8 12. Qc2 Ne5 13. Rd1 Bxe2 14. Qxe2 Qe7 15. Rb1 Rab8 16. f3 Qe6 17. a4 a5 18. Bf1 b6 19. Kg2 Ned7 20. Qc4 Qe7 21. Qd4 Nc5 22. Bb5 Rec8 23. Bc6 Ne6 24. Qd2 Nd8 25. Bd5 Ne6 26. Ba3 Rd8 27. Bc6 Nc5 28. Qd4 Nfd7 29. f4 Nf6 30. Kf3 Qe6 31. Rb2 0-1

[Event "SRB-chT"]
[Site "Belgrade"]
[Date "2010.10.01"]
[Round "1"]
[White "Carnic, Dejan"]
[Black "Lecic, Predrag"]
[Result "0-1"]
[WhiteElo "2139"]
[BlackElo "2156"]
[PlyCount "44"]
[EventDate "2010.10.01"]
[EventType "team-tourn"]
[EventRounds "11"]
[EventCountry "YUG"]
[SourceTitle "CBM 138 Extra"]
[Source "ChessBase"]
[SourceDate "2010.10.29"]
[SourceVersion "1"]
[SourceVersionDate "2010.10.29"]
[SourceQuality "1"]

1. e4 c6 2. d4 d5 3. Nc3 dxe4 4. Nxe4 Bf5 5. Ng3 Bg6 6. Nf3 Nd7 7. h4 h6 8. h5 Bh7 9. Bd3 Bxd3 10. Qxd3 e6 11. Bd2 Qc7 12. 0-0-0 Ngf6 13. Qe2 c5 14. Rh4 Rc8 15. Bf4 Qa5 16. Kb1 c4 17. c3 Nd5 18. Bd2 Be7 19. Rhh1 b5 20. Ne5 Nxe5 21. dxe5 Rc6 22. Qe4 Ra6 0-1

[Event "Belgrade Spring op"]
[Site "Belgrade"]
[Date "2010.03.28"]
[Round "5"]
[White "Vucinic, Gojko"]
[Black "Carnic, Dejan"]
[Result "1/2-1/2"]
[WhiteElo "1990"]
[BlackElo "2117"]
[PlyCount "73"]
[EventDate "2010.03.23"]
[EventType "swiss"]
[EventRounds "9"]
[EventCountry "YUG"]
[SourceTitle "CBM 135 Extra"]
[Source "ChessBase"]
[SourceDate "2010.05.04"]
[SourceVersion "1"]
[SourceVersionDate "2010.05.04"]
[SourceQuality "1"]

1. e4 e5 2. Nf3 Nc6 3. Bc4 Nf6 4. Ng5 d5 5. exd5 Na5 6. Bb5+ c6 7. dxc6 bxc6 8. Be2 h6 9. Nf3 e4 10. Ne5 Bc5 11. c3 Qc7 12. d4 exd3 13. Nxd3 Bd6 14. f4 0-0 15. 0-0 Re8 16. b3 Bf5 17. c4 Rad8 18. Nc3 Bb4 19. Bb2 Rxe2 20. Nxe2 Rxd3 21. Qc2 Rd5 22. Qc1 Bd2 23. cxd5 Bxc1 24. Raxc1 Bd3 25. Rfe1 Bxe2 26. Rxe2 Nxd5 27. g3 Nb7 28. Bd4 Nd6 29. Rec2 Nb4 30. Rd2 Nf5 31. Bf2 h5 32. Rc4 a5 33. a3 Nd5 34. Rxd5 Qe7 35. Rxf5 Qxa3 36. Rfc5 h4 37. Rc3 1/2-1/2

[Event "Belgrade Spring op"]
[Site "Belgrade"]
[Date "2010.03.25"]
[Round "3"]
[White "Nesovanovic, Miroslav"]
[Black "Carnic, Dejan"]
[Result "1/2-1/2"]
[WhiteElo "1947"]
[BlackElo "2117"]
[PlyCount "72"]
[EventDate "2010.03.23"]
[EventType "swiss"]
[EventRounds "9"]
[EventCountry "YUG"]
[SourceTitle "CBM 135 Extra"]
[Source "ChessBase"]
[SourceDate "2010.05.04"]
[SourceVersion "1"]
[SourceVersionDate "2010.05.04"]
[SourceQuality "1"]

1. e4 e5 2. Nf3 Nc6 3. Bb5 Nf6 4. 0-0 Bc5 5. d3 d6 6. c3 0-0 7. Ba4 Bb6 8. Bg5 h6 9. Be3 Ne7 10. Bc2 Ng6 11. d4 Re8 12. Nbd2 Nh5 13. Nc4 Bg4 14. h3 Bxf3 15. Qxf3 Nhf4 16. Bxf4 Nxf4 17. Nxb6 axb6 18. Kh2 Qh4 19. Qg4 Qxg4 20. hxg4 exd4 21. cxd4 c5 22. dxc5 dxc5 23. g3 Ne2 24. Rfe1 Nd4 25. Bd1 b5 26. Kg2 b4 27. Re3 Ra6 28. a3 Rea8 29. Rc1 bxa3 30. bxa3 b6 31. a4 Kf8 32. e5 Ke7 33. f4 Rd8 34. Rcc3 Nc6 35. Bb3 Rd2+ 36. Kh3 Nd4 1/2-1/2